States with Multiple Time Zones - Statistics

General Stats
  • This quiz has been taken 31 times
  • The average score is 11 of 14
Answer Stats
State % Correct
Alaska
85%
Kansas
85%
Texas
85%
Kentucky
81%
North Dakota
81%
South Dakota
81%
Tennessee
81%
Arizona
77%
Idaho
77%
Indiana
77%
Nebraska
77%
Florida
73%
Michigan
69%
Oregon
65%
No matching quizzes found
Score Distribution
Percent of People with Each Score
Percentile by Number Answered
Your Score History
You have not taken this quiz